[Event "Oberliga Nord N 1920"]
[Site "Germany"]
[Date "2019.10.20"]
[Round "2.4"]
[White "Reichmann, Hendrik"]
[Black "Langmann, Markus"]
[Result "1-0"]
[WhiteElo "2341"]
[BlackElo "2078"]
[PlyCount "81"]
[EventDate "2019.09.29"]
[EventType "team-tourn"]
[EventRounds "9"]
[EventCountry "GER"]
[SourceTitle "CBM 195 Extra"]
[Source "ChessBase"]
[SourceDate "2020.05.31"]
[SourceVersion "1"]
[SourceVersionDate "2020.05.31"]
[SourceQuality "1"]

1. c4 e5 2. g3 Nc6 3. Bg2 Bc5 4. Nc3 a6 5. e3 d6 6. Nge2 Bg4 7. h3 Bh5 8. d4 Bb6 9. 0-0 Nge7 10. Nd5 Nxd5 11. cxd5 Ne7 12. g4 Bg6 13. f4 f6 14. Qb3 exd4 15. exd4 f5 16. a4 a5 17. Be3 Qd7 18. g5 Bf7 19. Nc3 h6 20. Rae1 0-0 21. h4 Bh5 22. Kh2 hxg5 23. hxg5 Kf7 24. Bg1 Rh8 25. Kg3 Bg4 26. Re6 Ng6 27. Rfe1 Rh5 28. Nb5 Qd8 29. Re8 Qxe8 30. Nxd6+ cxd6 31. Rxe8 Rxe8 32. Qxb6 Re1 33. Qxd6 Rxg1 34. Qe6+ Kf8 35. Qxg6 Rd1 36. Qd6+ Ke8 37. Qe6+ Kd8 38. d6 Rd3+ 39. Kf2 Rd2+ 40. Kg1 Rd1+ 41. Bf1 1-0

[Event "Oberliga Nord N 1617"]
[Site "Germany"]
[Date "2017.05.07"]
[Round "9.7"]
[White "Kull, Florian"]
[Black "Langmann, Markus"]
[Result "0-1"]
[WhiteElo "2148"]
[BlackElo "2038"]
[PlyCount "82"]
[EventDate "2016.10.16"]
[EventType "team-tourn"]
[EventRounds "9"]
[EventCountry "GER"]
[SourceTitle "EXT 2018"]
[Source "ChessBase"]
[SourceDate "2017.10.13"]
[SourceVersion "1"]
[SourceVersionDate "2017.10.13"]
[SourceQuality "1"]
[WhiteTeam "Hamburg Schachfreunde"]
[BlackTeam "Hamburg Koenigsspringer"]
[WhiteTeamCountry "GER"]
[BlackTeamCountry "GER"]

1. c4 e5 2. Nc3 Nc6 3. Nf3 Nf6 4. e3 Bb4 5. Qc2 0-0 6. Nd5 d6 7. Nxb4 Nxb4 8. Qc3 c5 9. a3 Nc6 10. b3 Ne4 11. Qc2 f5 12. Bb2 Ng5 13. Be2 f4 14. Rd1 Bf5 15. Qc3 Be4 16. h4 Bxf3 17. gxf3 Ne6 18. b4 b6 19. Qd3 Rf6 20. Qe4 Rc8 21. b5 Ne7 22. d4 cxd4 23. exd4 exd4 24. Rg1 Nf5 25. Bd3 Rc5 26. Kd2 Re5 27. Qc6 Nc5 28. Bxf5 Rfxf5 29. Bxd4 Nb3+ 30. Kc3 Na5 31. Bxe5 Nxc6 32. Rxg7+ Kf8 33. bxc6 Rxe5 34. c7 Qf6 35. Rd4 Re8 36. Rg4 Qh8 37. Kd3 Ke7 38. Rgxf4 Kd7 39. Rf7+ Re7 40. Rdf4 Qe8 41. Rf8 Qg6+ 0-1

[Event "Hamburg-chT Landesliga 1415"]
[Site "Hamburg"]
[Date "2015.04.19"]
[Round "9.4"]
[White "Hein, Ralf"]
[Black "Langmann, Markus"]
[Result "1-0"]
[WhiteElo "1955"]
[BlackElo "1981"]
[PlyCount "73"]
[EventDate "2014.09.21"]
[EventType "team-tourn"]
[EventRounds "9"]
[EventCountry "GER"]
[SourceTitle "EXT 2022"]
[Source "ChessBase"]
[SourceDate "2021.10.06"]
[SourceVersion "1"]
[SourceVersionDate "2021.10.06"]
[SourceQuality "1"]
[WhiteTeam "Hamburg Diogenes II"]
[BlackTeam "Hamburg Koenigsspringer II"]
[WhiteTeamCountry "GER"]
[BlackTeamCountry "GER"]

1. c4 Nc6 2. Nc3 Nf6 3. g3 e5 4. Bg2 Bc5 5. e3 0-0 6. Nge2 Re8 7. 0-0 d6 8. d4 Bb6 9. d5 Ne7 10. Na4 Ng6 11. Nxb6 axb6 12. e4 Bd7 13. h3 b5 14. Qc2 c6 15. b3 bxc4 16. bxc4 Qc8 17. dxc6 Qxc6 18. Bg5 Be6 19. Bxf6 gxf6 20. Rfc1 Ra4 21. Qd2 Rea8 22. Rd1 R8a6 23. Nc3 Rxc4 24. Nd5 Bxd5 25. exd5 Qc5 26. Qh6 Rc2 27. Rf1 Ra3 28. Rac1 Raxa2 29. Rxc2 Rxc2 30. h4 f5 31. h5 b5 32. Qg5 Qc8 33. Bh3 f6 34. Qxf6 Rc1 35. hxg6 Rxf1+ 36. Bxf1 Qd7 37. Bxb5 1-0

[Event "Hamburg-chT Landesliga 1415"]
[Site "Hamburg"]
[Date "2015.04.18"]
[Round "8.5"]
[White "Ramme, Christoph"]
[Black "Langmann, Markus"]
[Result "0-1"]
[WhiteElo "2086"]
[BlackElo "1981"]
[PlyCount "58"]
[EventDate "2014.09.21"]
[EventType "team-tourn"]
[EventRounds "9"]
[EventCountry "GER"]
[SourceTitle "EXT 2022"]
[Source "ChessBase"]
[SourceDate "2021.10.06"]
[SourceVersion "1"]
[SourceVersionDate "2021.10.06"]
[SourceQuality "1"]
[WhiteTeam "Marmstorf"]
[BlackTeam "Hamburg Koenigsspringer II"]
[WhiteTeamCountry "GER"]
[BlackTeamCountry "GER"]

1. d4 d5 2. Nf3 Nf6 3. c4 dxc4 4. e3 e6 5. Bxc4 a6 6. 0-0 b5 7. Bb3 Bb7 8. a4 b4 9. Nbd2 Nbd7 10. Qe2 c5 11. Nc4 Be7 12. Rd1 0-0 13. dxc5 Qc7 14. Nb6 Rad8 15. Nxd7 Nxd7 16. Nd4 Nxc5 17. Bc2 Bf6 18. f3 Rd7 19. Qc4 Rfd8 20. Rd2 Qe5 21. Rf2 a5 22. Qb5 Ba6 23. Qxa5 Rxd4 24. g3 R4d7 25. Qxb4 Nd3 26. Bxd3 Rxd3 27. Qb6 R3d6 28. Qb4 Rd1+ 29. Kg2 Qc7 0-1

[Event "GER-chT U20"]
[Site "Osnabrueck"]
[Date "2011.12.27"]
[Round "1.4"]
[White "Langmann, Markus"]
[Black "Lange, Philipp"]
[Result "1-0"]
[WhiteElo "1947"]
[BlackElo "1534"]
[PlyCount "37"]
[EventDate "2011.12.27"]
[EventType "team-swiss"]
[EventRounds "7"]
[EventCountry "GER"]
[SourceTitle "CBM 146 Extra"]
[Source "ChessBase"]
[SourceDate "2012.02.29"]
[SourceVersion "1"]
[SourceVersionDate "2012.02.29"]
[SourceQuality "1"]
[WhiteTeam "Hamburg Koenigsspringer"]
[BlackTeam "Magdeburg Aufbau Elbe"]
[WhiteTeamCountry "GER"]
[BlackTeamCountry "GER"]

1. e4 e5 2. Nf3 Nc6 3. d4 exd4 4. Nxd4 Qh4 5. Nc3 Bb4 6. Ndb5 Qxe4+ 7. Be2 Kd8 8. 0-0 Bxc3 9. bxc3 Nf6 10. Bd3 Qd5 11. c4 Qe5 12. Ba3 d6 13. Re1 Qg5 14. Bf1 Ne5 15. Bxd6 Bg4 16. Qd4 Ned7 17. Bxc7+ Kc8 18. Bf4 Qc5 19. Nd6+ 1-0

[Event "GER-chT U20"]
[Site "Osnabrueck"]
[Date "2010.12.27"]
[Round "1.5"]
[White "Pretz, Dominik"]
[Black "Langmann, Markus"]
[Result "0-1"]
[WhiteElo "1539"]
[BlackElo "1896"]
[PlyCount "44"]
[EventDate "2010.12.27"]
[EventType "team-swiss"]
[EventRounds "7"]
[EventCountry "GER"]
[SourceTitle "CBM 140 Extra"]
[Source "ChessBase"]
[SourceDate "2011.03.01"]
[SourceVersion "1"]
[SourceVersionDate "2011.03.01"]
[SourceQuality "1"]
[WhiteTeam "Bendorf"]
[BlackTeam "Koenigsspringer"]
[WhiteTeamCountry "GER"]
[BlackTeamCountry "GER"]

1. d4 d5 2. c4 dxc4 3. e3 Nf6 4. Bxc4 a6 5. Nc3 e6 6. Nf3 b5 7. Bd3 Bb7 8. 0-0 Nbd7 9. Re1 c5 10. b3 Rc8 11. Bb2 cxd4 12. exd4 Bb4 13. Rc1 Qa5 14. Qd2 Nd5 15. Be4 N7f6 16. Qd3 Bxc3 17. Bxc3 Rxc3 18. Rxc3 Nxe4 19. Qxe4 Qxc3 20. Ng5 Nf6 21. Qe5 0-0 22. h3 h6 0-1

[Event "GER-chT U20"]
[Site "Chemnitz"]
[Date "2009.12.30"]
[Round "7.5"]
[White "Langmann, Markus"]
[Black "Schroeter, Maik"]
[Result "1-0"]
[WhiteElo "1954"]
[BlackElo "1549"]
[PlyCount "63"]
[EventDate "2009.12.27"]
[EventType "team-swiss"]
[EventRounds "7"]
[EventCountry "GER"]
[SourceTitle "EXT 2022"]
[Source "ChessBase"]
[SourceDate "2021.10.06"]
[SourceVersion "1"]
[SourceVersionDate "2021.10.06"]
[SourceQuality "1"]
[WhiteTeam "Hamburg Koenigsspringer U20"]
[BlackTeam "Stadtilm Blau Weiss U20"]
[WhiteTeamCountry "GER"]
[BlackTeamCountry "GER"]

1. e4 c5 2. c3 e6 3. d4 d5 4. exd5 exd5 5. Bd3 cxd4 6. cxd4 Nf6 7. Ne2 Bd6 8. 0-0 0-0 9. Bf4 Bg4 10. f3 Be6 11. Be5 Nc6 12. f4 Bg4 13. Nbc3 Nb4 14. Bb1 Bxe5 15. dxe5 Ne8 16. h3 Bxe2 17. Qxe2 Rc8 18. a3 d4 19. axb4 dxc3 20. bxc3 Rxc3 21. Qe4 Qb6+ 22. Kh2 g6 23. f5 Re3 24. Qf4 Ng7 25. fxg6 hxg6 26. Bxg6 Qxg6 27. Qxe3 Nf5 28. Qf2 Ng7 29. Ra3 Qe6 30. Qf4 a6 31. Rg3 Kh8 32. Qh4+ 1-0

[Event "GER-chT U20"]
[Site "Chemnitz"]
[Date "2009.12.27"]
[Round "2.5"]
[White "Henschel, Tobias"]
[Black "Langmann, Markus"]
[Result "1/2-1/2"]
[WhiteElo "1903"]
[BlackElo "1954"]
[PlyCount "75"]
[EventDate "2009.12.27"]
[EventType "team-swiss"]
[EventRounds "7"]
[EventCountry "GER"]
[SourceTitle "EXT 2022"]
[Source "ChessBase"]
[SourceDate "2021.10.06"]
[SourceVersion "1"]
[SourceVersionDate "2021.10.06"]
[SourceQuality "1"]
[WhiteTeam "Potsdam USV U20"]
[BlackTeam "Hamburg Koenigsspringer U20"]
[WhiteTeamCountry "GER"]
[BlackTeamCountry "GER"]

1. e4 e6 2. d4 d5 3. exd5 exd5 4. Bd3 Bd6 5. Qf3 Nf6 6. h3 0-0 7. Ne2 Qe8 8. 0-0 Nc6 9. c3 Ne4 10. Bf4 f5 11. Bxd6 cxd6 12. Qe3 Qf7 13. f4 Bd7 14. Nd2 Rae8 15. Nxe4 dxe4 16. Bc2 Kh8 17. Bb3 Be6 18. Ba4 Bc4 19. b3 Bd3 20. Bxc6 bxc6 21. c4 h6 22. Rf2 Qf6 23. Rd1 Re7 24. Nc1 g5 25. g3 Rfe8 26. Kh2 d5 27. c5 Ba6 28. b4 Rg8 29. Rg1 Reg7 30. Nb3 Bc8 31. Nc1 h5 32. Ne2 h4 33. Rfg2 hxg3+ 34. Rxg3 g4 35. R1g2 Rh7 36. Kg1 Rgg7 37. Kf1 Qh4 38. Ng1 1/2-1/2

[Event "GER North-chT U16"]
[Site "Magdeburg"]
[Date "2006.08.28"]
[Round "5.3"]
[White "Langmann, Markus"]
[Black "Schneider, Jannes"]
[Result "1-0"]
[WhiteElo "1757"]
[BlackElo "1615"]
[PlyCount "74"]
[EventDate "2006.08.26"]
[EventType "team"]
[EventRounds "7"]
[EventCountry "GER"]
[SourceTitle "EXT 2007"]
[Source "ChessBase"]
[SourceDate "2006.11.23"]
[SourceVersion "1"]
[SourceVersionDate "2006.11.23"]
[SourceQuality "1"]

1. e4 e5 2. Nf3 Nc6 3. d4 exd4 4. Nxd4 Qh4 5. Nc3 Bb4 6. Ndb5 Ba5 7. Bd3 a6 8. Na3 b5 9. Bd2 Bb6 10. g3 Qh3 11. Nd5 Qg2 12. Rf1 Ne5 13. Nxb6 cxb6 14. f4 Qxh2 15. fxe5 Qxg3+ 16. Rf2 Qxe5 17. Bc3 Qg5 18. Qf3 f6 19. e5 Rb8 20. exf6 Nxf6 21. Bxf6 gxf6 22. Qxf6 Qxf6 23. Rxf6 h5 24. Kf2 Ke7 25. Rf4 h4 26. Re1+ Kd6 27. Rd4+ Kc7 28. Ree4 h3 29. Rh4 Bb7 30. Kg3 Bg2 31. Bf5 Rhg8+ 32. Kh2 Rbf8 33. Rhg4 Rxg4 34. Bxg4 b4 35. Nc4 Rf2 36. Bxh3 Bxh3+ 37. Kxh3 Rxc2 1-0

[Event "GER North-chT U16"]
[Site "Magdeburg"]
[Date "2006.08.27"]
[Round "3.3"]
[White "Langmann, Markus"]
[Black "Baldig, Bastian"]
[Result "1/2-1/2"]
[WhiteElo "1758"]
[BlackElo "1836"]
[PlyCount "161"]
[EventDate "2006.08.26"]
[EventType "team"]
[EventRounds "7"]
[EventCountry "GER"]
[SourceTitle "EXT 2007"]
[Source "ChessBase"]
[SourceDate "2006.11.23"]
[SourceVersion "1"]
[SourceVersionDate "2006.11.23"]
[SourceQuality "1"]

1. e4 e5 2. Nf3 Nc6 3. d4 exd4 4. Nxd4 Bc5 5. Be3 Qf6 6. c3 Nge7 7. Be2 Qg6 8. Nxc6 Qxc6 9. Bxc5 Qxc5 10. 0-0 0-0 11. Nd2 d5 12. Nb3 Qd6 13. exd5 Nxd5 14. Bf3 Be6 15. Nd4 Rad8 16. Nxe6 Qxe6 17. Re1 Qf5 18. Be4 Qg5 19. h4 Qxh4 20. Bxd5 c6 21. Bxf7+ Rxf7 22. Qc2 Rdf8 23. Re2 Rf6 24. Qb3+ Kh8 25. f3 Qg3 26. Qxb7 Rxf3 27. Qxc6 R3f6 28. Qc5 Qf4 29. Qe3 Qb8 30. Rae1 Rh6 31. Rf2 Qh2+ 32. Kf1 Rxf2+ 33. Qxf2 Qb8 34. Qe3 Rh1+ 35. Kf2 Rxe1 36. Kxe1 h6 37. Qf2 Qe5+ 38. Kf1 Qa5 39. a3 Qb5+ 40. Kg1 a5 41. g4 Qb3 42. Kh2 Qb8+ 43. Kh3 a4 44. Qd2 Qf8 45. Kg2 Qc8 46. Kf3 Qc6+ 47. Kf2 Qb6+ 48. Ke2 Qe6+ 49. Kf3 Qc6+ 50. Kg3 Qb6 51. Qf2 Qd6+ 52. Kh3 Qd3+ 53. Kh2 Qd6+ 54. Qg3 Qd2+ 55. Qg2 Qd6+ 56. Kh3 Qd3+ 57. Kh4 Qd8+ 58. g5 Qf8 59. gxh6 Qf4+ 60. Kh3 Qxh6+ 61. Kg3 Qd6+ 62. Kf2 Qf4+ 63. Kg1 Qe3+ 64. Kh1 Qe1+ 65. Qg1 Qe4+ 66. Qg2 Qe1+ 67. Kh2 Qe5+ 68. Kh3 Qh5+ 69. Kg3 Qe5+ 70. Kf3 Qf5+ 71. Ke2 Qc2+ 72. Kf1 Qd1+ 73. Kf2 Qc2+ 74. Kg1 Qc1+ 75. Kf2 Qc2+ 76. Kg1 Qc1+ 77. Kh2 Qf4+ 78. Kh1 Qc1+ 79. Kh2 Qf4+ 80. Kh3 Qh6+ 81. Kg4 1/2-1/2

[Event "GER North-chT U16"]
[Site "Magdeburg"]
[Date "2006.08.26"]
[Round "1.3"]
[White "Langmann, Markus"]
[Black "Teltewskoi, Alexander"]
[Result "1/2-1/2"]
[WhiteElo "1758"]
[BlackElo "1408"]
[PlyCount "72"]
[EventDate "2006.08.26"]
[EventType "team"]
[EventRounds "7"]
[EventCountry "GER"]
[SourceTitle "EXT 2007"]
[Source "ChessBase"]
[SourceDate "2006.11.23"]
[SourceVersion "1"]
[SourceVersionDate "2006.11.23"]
[SourceQuality "1"]

1. e4 c5 2. c3 d5 3. exd5 Qxd5 4. d4 Nc6 5. Be3 cxd4 6. cxd4 e6 7. Nc3 Bb4 8. Nf3 Nge7 9. Bd3 0-0 10. 0-0 Bxc3 11. bxc3 e5 12. c4 Qd6 13. d5 Nb4 14. Re1 Bg4 15. Rb1 Rab8 16. Bxh7+ Kh8 17. Bc2 Nxc2 18. Qxc2 Bf5 19. Qe2 Bxb1 20. Rxb1 b6 21. Rc1 Rbc8 22. Ng5 Qg6 23. Qg4 f6 24. Qh3+ Kg8 25. Ne6 Rfe8 26. d6 Rb8 27. d7 Red8 28. Nxd8 Rxd8 29. c5 f5 30. cxb6 axb6 31. Qg3 Qe6 32. a3 f4 33. Bxf4 exf4 34. Qxf4 Qxd7 35. Qb4 Qd6 36. Qxd6 Rxd6 1/2-1/2

[Event "GER-chT U12"]
[Site "Verden an der Aller"]
[Date "2003.12.29"]
[Round "5.3"]
[White "Sonnhalter, Stella"]
[Black "Langmann, Markus"]
[Result "0-1"]
[WhiteElo "288"]
[BlackElo "1270"]
[PlyCount "82"]
[EventDate "2003.12.27"]
[EventType "team-swiss"]
[EventRounds "7"]
[EventCountry "GER"]
[SourceTitle "EXT 2022"]
[Source "ChessBase"]
[SourceDate "2021.10.06"]
[SourceVersion "1"]
[SourceVersionDate "2021.10.06"]
[SourceQuality "1"]
[WhiteTeam "Heusweiler SC Reti"]
[BlackTeam "Hamburg Koenigsspringer"]
[WhiteTeamCountry "GER"]
[BlackTeamCountry "GER"]

1. e4 e5 2. Nf3 Nc6 3. Bc4 Be7 4. c3 Nf6 5. d4 exd4 6. cxd4 d5 7. exd5 Nxd5 8. h3 0-0 9. 0-0 Be6 10. Qe2 Bf6 11. Be3 Re8 12. Bxd5 Bxd5 13. Nc3 Nxd4 14. Nxd4 Bxd4 15. Qd3 Bxc3 16. Qxc3 Qd6 17. Rad1 c6 18. Bd2 Qg6 19. Qg3 Qxg3 20. fxg3 Re2 21. Rf2 Rxf2 22. Kxf2 Bxa2 23. Bc3 Re8 24. Rd7 b5 25. Rxa7 Bd5 26. g4 Kf8 27. g5 c5 28. b4 c4 29. Ra5 Bc6 30. g3 Ra8 31. Ke3 Rxa5 32. bxa5 g6 33. Kd4 Ke7 34. Kc5 Kd7 35. Kb6 Kd6 36. Be5+ Kxe5 37. Kxc6 c3 38. a6 c2 39. a7 c1Q+ 40. Kb7 Qh1+ 41. Kb8 b4 0-1